Príručka spotrebiteľskej politiky (8)
Výskum trhu a porovnávacie testovanie tovarov a služieb. Informácie o cenách. Miestne poradenské agentúry. Spotrebiteľská výchova.
Enregistré dans:
| Format: | Chapitre de livre |
|---|---|
| Langue: | slovaque |
| Sujets: | |
| Tags: |
Pas de tags, Soyez le premier à ajouter un tag!
|
MARC
| LEADER | 00000naa a2200000 4500 | ||
|---|---|---|---|
| 001 | r000467 | ||
| 005 | 20221213122801.1 | ||
| 041 | 0 | |a slo | |
| 044 | |a SK | ||
| 245 | 1 | 0 | |a Príručka spotrebiteľskej politiky (8) |
| 520 | |a Výskum trhu a porovnávacie testovanie tovarov a služieb. Informácie o cenách. Miestne poradenské agentúry. Spotrebiteľská výchova. | ||
| 610 | 2 | 0 | |a spotrebitelia |
| 610 | 2 | 0 | |a ochrana spotrebiteľa |
| 610 | 2 | 0 | |a príručky |